| 000 | 00368cam a2200145ua 4500 | ||
|---|---|---|---|
| 041 |
_aeng _h |
||
| 082 |
_a338.9 _bSHA/UN |
||
| 100 | _aShannan, W. Iyle . | ||
| 245 | _aunderdevoloped Areas: A book of readings and research | ||
| 260 |
_aNew york : _bHarper & Brothers Publishers , _c1957. |
||
| 300 | _a487 ; . | ||
| 504 | _a | ||
| 942 | _cBK | ||
| 999 |
_c11163 _d11163 |
||